Economía y comunicación /
Análisis sobre las relaciones entre la comunicación y la economía, pensado para la formación de comunicadores sociales. Tras una síntesis de los fundamentos de la economía, que incluye una revisión particular de la evolución de los procesos económicos en Argentina, el autor llama la atención acerca...
Guardat en:
| Autor principal: | |
|---|---|
| Format: | Llibre |
| Idioma: | espanyol |
| Publicat: |
Córdoba, Argentina :
Eudecor,
1997, c1997
|
| Matèries: | |
| Etiquetes: |
Sense etiquetes, Sigues el primer a etiquetar aquest registre!
|
MARC
| LEADER | 00000nam^a2200000^a^4500 | ||
|---|---|---|---|
| 001 | 000142475 | ||
| 005 | 20250521000000.0 | ||
| 009 | 20260310095650.128 | ||
| 020 | |a 987-9094-36-0 | ||
| 037 | |a Acervo ITESO - Biblioteca | ||
| 041 | |a ESP | ||
| 082 | |a 302. 23 |b LUN | ||
| 100 | |a Luna, Manuel |e (autor) | ||
| 245 | 1 | 0 | |a Economía y comunicación / |c M. Luna. |
| 264 | 4 | |a Córdoba, Argentina : |b Eudecor, |c 1997, c1997 | |
| 300 | |a 436 p. | ||
| 336 | |a texto |b txt |2 rdacontenido | ||
| 337 | |a sin mediación |b n |2 rdamedio | ||
| 338 | |a volumen |b nc |2 rdasoporte | ||
| 520 | |a Análisis sobre las relaciones entre la comunicación y la economía, pensado para la formación de comunicadores sociales. Tras una síntesis de los fundamentos de la economía, que incluye una revisión particular de la evolución de los procesos económicos en Argentina, el autor llama la atención acerca de la importancia que la ética y la responsabilidad de la profesión periodística en la economía tienen para contener los excesos del ejercicio del poder por parte de los medios de comunicación y reflexiona sobre el gran poder con el que cuentan los grupos empresariales y transnacionales de la comunicación en la época de la globalización. | ||
| 649 | |a XX | ||
| 650 | |a Etica Periodística | ||
| 650 | |a Etica Profesional | ||
| 650 | |a Periodismo | ||
| 650 | |a Medios de Comunicación - |x Aspectos Económicos | ||
| 650 | |a Comunicación Masiva - |x Aspectos Económicos | ||
| 650 | |a Poder (Ciencias Sociales) | ||
| 650 | |a Comunicación y Política | ||
| 650 | |a Transnacionales | ||
| 650 | |a Empresas | ||
| 650 | |a Economía - |z Argentina - |x Historia | ||
| 650 | |a Economía Internacional | ||
| 650 | |a Globalización | ||
| 910 | |a Fondo General | ||
| 920 | |a Impresos - Libros | ||
| 930 | |a Colección General | ||
| 905 | |a 101 | ||
| 901 | |a 0500071207 |b IT1 |c ACC |u 20250521 | ||
| 902 | |a https://opac.biblio.iteso.mx/vufind/Record/000142475 | ||